000 008090000a22002410004500
001 50973
021 _aPT
_b29574/89
100 _a20101230d2010 k y0pory5003 ba
101 0 _apor
102 _aPT
200 1 _aAstérix legionário
_fRené Goscinny
_gil. de Albert Uderzo
210 _aLisboa
_cMeribérica / Liber
_d1989
215 _a48 p.
_cTodo il.
225 2 _aUma aventura de Astérix
304 _aTítulo original: Asterix legionaire
606 _92153
_aLiteratura para crianças e jovens
_xBanda desenhada
675 _a821.133.1-9"19"
_vBN
_zpor
675 _a087.5-053.2
_vBN
_zpor
700 1 _922765
_aGoscinny
_f1926-1977
702 1 _945968
_aUderzo
_bAlbert
_f1927-2020
_4440
801 _aPT
_bBN
_c20101230
090 _a50973
942 _cMON
_n0
999 _a50973